000 00364nam a2200157Ia 4500
003 Ost
005 20260225132556.0
008 260225s9999||||xx |||||||||||||| ||und||
040 _cfsic
041 _afre
082 _a440
100 _aFrançois Châtelet
_eAuteur
245 0 _aLa Philosophie,t.2,t.3,t.4 /
245 0 _cFrançois Châtelet
942 _cكتاب
999 _c34435
_d34435